000 00693nam a2200289Ia 4500
005 20260324143754.0
008 008 260324s9999 xx 000 0 eng d
020 _a9780203411988
037 _aEBOOK
040 _aCRL
040 _beng
040 _cCRL
041 _2eng
041 _aeng
084 _qCRL
100 _aSean Sayers; Peter Osborne
_91216866
245 0 _aSocialism, Feminism and Philosophy
245 2 _bA Radical Philosophy Reader
260 _bTaylor and Francis
260 _c1990
365 _a
365 _b300
856 _uhttp://www.taylorfrancis.com/books/9780203411988
942 _cEBOOK
999 _c1822670
_d1822670